الأعمال الكاملة الجزء الثالث / (رقم التسجيلة. 95206)
[ عرض عادي ]
| 000 -LEADER | |
|---|---|
| fixed length control field | 00896nam a22002897a 4500 |
| 005 - DATE AND TIME OF LATEST TRANSACTION | |
| control field | 20251108173049.0 |
| 008 - FIXED-LENGTH DATA ELEMENTS--GENERAL INFORMATION | |
| fixed length control field | 250721s2003 xx 000 0 ara d |
| 082 14 - DEWEY DECIMAL CLASSIFICATION NUMBER | |
| Classification number | 303.625/ فود |
| 100 1# - MAIN ENTRY--PERSONAL NAME | |
| Personal name | أبو لبن، زياد |
| 245 10 - TITLE STATEMENT | |
| Title | الأعمال الكاملة الجزء الثالث / |
| 264 1# - PRODUCTION, PUBLICATION, DISTRIBUTION, MANUFACTURE, AND COPYRIGHT NOTICE | |
| Place of production, publication, distribution, manufacture | عمان : |
| Name of producer, publisher, distributor, manufacturer | وزارة الثقافة، |
| Date of production, publication, distribution, manufacture, or copyright notice | 2003. |
| 300 ## - PHYSICAL DESCRIPTION | |
| Extent | 7ج |
| 490 0# - SERIES STATEMENT | |
| Series statement | الزئبق الأحمر |
| Volume/sequential designation | 1 |
| 490 0# - SERIES STATEMENT | |
| Series statement | الجمرة الخبيثة |
| Volume/sequential designation | 2 |
| 490 0# - SERIES STATEMENT | |
| Series statement | العميل الهارب |
| Volume/sequential designation | 3 |
| 490 0# - SERIES STATEMENT | |
| Series statement | الأخ الكبير |
| Volume/sequential designation | 4 |
| 490 0# - SERIES STATEMENT | |
| Series statement | رحلة البطوطي |
| Volume/sequential designation | 5 |
| 490 0# - SERIES STATEMENT | |
| Series statement | الماسونية |
| Volume/sequential designation | 6 |
| 490 0# - SERIES STATEMENT | |
| Series statement | الطريق إلى عتليت |
| Volume/sequential designation | 7 |
| 650 17 - SUBJECT ADDED ENTRY--TOPICAL TERM | |
| Topical term or geographic name as entry element | الجرائم |
| 650 17 - SUBJECT ADDED ENTRY--TOPICAL TERM | |
| Topical term or geographic name as entry element | الإرهاب |
| 650 17 - SUBJECT ADDED ENTRY--TOPICAL TERM | |
| Topical term or geographic name as entry element | الإغتيالات |
| 650 17 - SUBJECT ADDED ENTRY--TOPICAL TERM | |
| Topical term or geographic name as entry element | الماسونية |
| 700 1# - ADDED ENTRY--PERSONAL NAME | |
| Personal name | اليوسف، سمير |
| 942 ## - ADDED ENTRY ELEMENTS (KOHA) | |
| Source of classification or shelving scheme | Dewey Decimal Classification |
| Koha item type | كتب |
| حالة السحب | حالة الفقدان | مصدر التصنيف | حالة التلف | غير قابل للإعارة | المكتبة الرئيسية | المكتبة الحالية | موقع الرف | تاريخ التزويد | الرقم المتسلسل | Total Checkouts | رقم الإستدعاء | الباركود | تاريخ آخر ظهور | تاريخ الفاتورة | نوع المادة (كوها) |
|---|---|---|---|---|---|---|---|---|---|---|---|---|---|---|---|
| Dewey Decimal Classification | المكتبة المركزية | المكتبة المركزية | الإعارة | 28/07/2025 | 860347 | 303.625/ فود | 860347 | 28/07/2025 | 28/07/2025 | كتب | |||||
| Dewey Decimal Classification | المكتبة المركزية | المكتبة المركزية | الإعارة | 28/07/2025 | 860350 | 303.625/ فود | 860350 | 28/07/2025 | 28/07/2025 | كتب |